| 000 | 00773nam a22002177a 4500 | ||
|---|---|---|---|
| 999 |
_c5489 _d5489 |
||
| 003 | AR-CdUCM | ||
| 008 | 190312b ||||| |||| 00| 0 spa d | ||
| 040 |
_aMUNICIPALIDAD PROVINCIAL DEL CUSCO _cBIBLIOTECA MUNICIPAL DEL CUSCO |
||
| 082 |
_a869.56 / _bT15 |
||
| 100 |
_aTamayo Vargas, Augusto _91952 |
||
| 245 |
_aEstación y éxtasis : _bPoemas en Río de Janeiro / |
||
| 260 |
_aLima : _bJuan Mejía Baca, _bP. L. Villanueva, editores, _c1957. |
||
| 300 |
_a79 paginas ; _c25 cm. |
||
| 500 | _aDonación familia Nieto | ||
| 505 | _aContenido :Yo también llegue a ti Rio de Janeiro --Romance del mar en enero -- Otra vez el mar / | ||
| 650 |
_aLiteratura peruana _9169 |
||
| 650 |
_aPoesías _92272 |
||
| 650 |
_aSiglo XX _98 |
||
| 942 |
_2ddc _cLIBROS |
||
| 945 | _arjall | ||